Missing Word: 'A' Literature Quiz Stats

 Plays Quiz Updated Nov 8, 2012

Support Sporcle.
Go Orange.
Score 0/16 Timer 03:00
4 Plays Today
Book Title Missing Word % Correct
________ and DemonsAngels
97.8%
________ FarmAnimal
97.2%
The _________ of Huckleberry FinnAdventures
96.4%
________ Lincoln, Vampire HunterAbraham
95.3%
________ Quiet on the Western FrontAll
91.6%
________ Adventures in WonderlandAlice's
91.2%
________ PsychoAmerican
88.2%
________ KareninaAnna
83.1%
Book Title Missing Word % Correct
The Sun ________ RisesAlso
73.2%
________ ShruggedAtlas
64.9%
Things Fall ________Apart
64.2%
Flowers for ________Algernon
49.4%
The ________ Adventures of Kavalier and Clay Amazing
43.1%
The ________ of Racing in the RainArt
40.7%
The Blind ________Assassin
19.3%
My Name is ________ LevAsher
18.2%

Today's Daily Dose

Missing Word
Inventors

Word Ladder
Feud Chain

Get the Picture
Domestic Movie Titles

From the Vault

This or That Blitz: DC Heroes or Villains

by SporcleEXP

Some characters would probably argue that they don't want to be pigeonholed into either category.
Remove Ads.
Support Sporcle.
Get the best of Sporcle when you Go Orange. This ad-free experience offers more features, more stats, and more fun while also helping to support Sporcle. Thank you for becoming a member.

Show Comments

Extras

Top Quizzes Today


Score Distribution

Your Account Isn't Verified!

In order to create a playlist on Sporcle, you need to verify the email address you used during registration. Go to your Sporcle Settings to finish the process.

Report this User

Report this user for behavior that violates our Community Guidelines.

Details: